| 000 | 01776cam a2200505 i 4500 | ||
|---|---|---|---|
| 001 | 2607 | ||
| 005 | 20251212135818.0 | ||
| 020 | _a9780718197827 | ||
| 040 |
_aYDXCP _beng _cYDXCP _erda _dBTCTA _dBDX _dOCLCQ _dMLY _dFMB _dJAO _dOCLCF _dVTL _dOCL _dVPW _dIZ2 _dUAP _dOU9 _dOCL _dNCRJL _dFSIMP _dCHILD _dDLC |
||
| 050 | 0 | 0 | _aPZ7.G4727 |
| 082 | 0 | 4 | _a823.92 |
| 100 | _aAstley, Neville | ||
| 245 | 0 | 0 | _aGeorge catches a cold / |
| 260 |
_aLondon : _bLadybird Book, _c2003 |
||
| 300 |
_a23 unnumbered pages : _bcolor illustrations ; _c21 cm. |
||
| 490 | 0 | _aPeppa Pig | |
| 505 | _aJ | ||
| 520 | _aOh dear! Silly George has gone outside in the rain without his rain hat on and now he's caught a cold. Luckily Dr Brown Bear has some medicine to make him better. | ||
| 521 |
_a470
_bLexile |
||
| 521 |
_aJ
_bRaz-Plus |
||
| 650 | 0 |
_aSwine _vJuvenile fiction. |
|
| 650 | 0 |
_aCold (Disease) _vJuvenile fiction. |
|
| 650 | 1 |
_aPigs _vFiction. |
|
| 650 | 4 |
_aSwine _vJuvenile fiction. |
|
| 650 | 4 | _aPicture books. | |
| 650 | 4 | _aSwine. | |
| 650 | 4 |
_aPigs _vFiction. |
|
| 650 | 4 | _aCold (Disease.) | |
| 650 | 7 |
_aCold (Disease) _2fast _0(OCoLC)fst00866963 |
|
| 650 | 7 |
_aSwine. _2fast _0(OCoLC)fst01140419 |
|
| 650 | 7 |
_aPigs _vFiction. _2sears |
|
| 650 | 7 |
_aRain _vFiction. _2sears |
|
| 650 | 7 |
_aCold (Disease) _vFiction. _2sears |
|
| 655 | 4 | _aFiction. | |
| 655 | 4 | _aJuvenile works. | |
| 655 | 4 | _aPicture books. | |
| 655 | 7 |
_aPicture books. _2fast _0(OCoLC)fst01726789 |
|
| 655 | 7 |
_aFiction. _2fast _0(OCoLC)fst01423787 |
|
| 655 | 7 |
_aJuvenile works. _2fast _0(OCoLC)fst01411637 |
|
| 655 | 7 |
_aPicture books. _2lcgft |
|
| 700 | 1 |
_aAstley, Neville, _ecreator |
|
| 700 | 1 |
_aBaker, Mark _d1959- _ecreator |
|
| 906 |
_a7 _bcbc _ccopycat _d2 _encip _f20 _gy-gencatlg |
||
| 942 |
_2ddc _cBK _n0 |
||
| 999 |
_c2607 _d2607 |
||